Giáo trình cầu lông

Na minha lista:
Detalhes bibliográficos
Autor principal: Trần, Văn Vinh
Outros Autores: Nguyễn, Trọng Hải
Formato: Livro
Idioma:Undetermined
Publicado em: H. ĐHSP 2004
Assuntos:
Acesso em linha:http://lrc.tdmu.edu.vn/opac/search/detail.asp?aID=2&ID=5677
Tags: Adicionar Tag
Sem tags, seja o primeiro a adicionar uma tag!
Thư viện lưu trữ: Trung tâm Học liệu Trường Đại học Thủ Dầu Một
LEADER 00607nam a2200205Ia 4500
001 TDMU_5677
008 210410s9999 xx 000 0 und d
082 |a 796.345 
090 |b TR105 
100 |a Trần, Văn Vinh 
245 0 |a Giáo trình cầu lông 
245 0 |c Trần Văn Vinh 
260 |a H. 
260 |b ĐHSP 
260 |c 2004 
300 |a 219tr. 
650 |a Cầu lông  |v Giáo trình 
700 |a Nguyễn, Trọng Hải 
856 |u http://lrc.tdmu.edu.vn/opac/search/detail.asp?aID=2&ID=5677 
980 |a Trung tâm Học liệu Trường Đại học Thủ Dầu Một